UBT Library

U.S. by the numbers : (Record no. 40316)

000 -LEADER
fixed length control field 01186cam a2200289 a 4500
001 - CONTROL NUMBER
control field 12401931
005 - DATE AND TIME OF LATEST TRANSACTION
control field 20180115094039.0
008 - FIXED-LENGTH DATA ELEMENTS--GENERAL INFORMATION
fixed length control field 010508s2000 vaua bs 000 0 eng d
010 ## - LIBRARY OF CONGRESS CONTROL NUMBER
LC control number 2001316943
020 ## - INTERNATIONAL STANDARD BOOK NUMBER
International Standard Book Number 1892123142
035 ## - SYSTEM CONTROL NUMBER
System control number (OCoLC)ocm45062567
040 ## - CATALOGING SOURCE
Original cataloging agency DOJ
Transcribing agency DOJ
Modifying agency GUL
-- NGU
-- DLC
041 ## - LANGUAGE CODE
Language code of text/sound track or separate title eng
042 ## - AUTHENTICATION CODE
Authentication code lccopycat
043 ## - GEOGRAPHIC AREA CODE
Geographic area code n-us---
080 ## - UNIVERSAL DECIMAL CLASSIFICATION NUMBER
Universal Decimal Classification number 317.3 RAY
082 00 - DEWEY DECIMAL CLASSIFICATION NUMBER
Classification number 317.3 RAY
Edition number 21
100 1# - Rafti
Rafti 21
101 ## - Shkurtesa
Shkurtesa POL
245 10 - TITLE STATEMENT
Title U.S. by the numbers :
Statement of responsibility, etc Raymond J. Keating and Thomas N. Edmonds ; foreword by Jack Kemp.
246 3# - VARYING FORM OF TITLE
Title proper/short title United States by the numbers : figuring what's left, right, and wrong with America state by state
246 3# - VARYING FORM OF TITLE
Title proper/short title Figuring what's left, right and wrong with America state by state
504 ## - BIBLIOGRAPHY, ETC. NOTE
Bibliography, etc Includes bibliographical references (p. 939-945).
906 ## - LOCAL DATA ELEMENT F, LDF (RLIN)
a 7
b cbc
c copycat
d 2
e ncip
f 20
g y-gencatlg
942 ## - ADDED ENTRY ELEMENTS (KOHA)
Source of classification or shelving scheme
Item type Books
Holdings
Withdrawn status Lost status Source of classification or shelving scheme Damaged status Not for loan Collection code Permanent location Current location Shelving location Date acquired Total Checkouts Full call number Barcode Date last seen Price effective from Koha item type
          Koleksioni i përgjithshem UBT - Lipjan UBT - Lipjan Koleksioni i përgjithshem 01/15/2018   317.3 RAY 002-2995471 01/15/2018 01/15/2018 Books
UBT Library © 2015-2024. All rights reserved University Education for Business and Technology